[Event "Unterfranken-ch M2 63th"]
[Site "Schweinfurt"]
[Date "2012.04.13"]
[Round "8"]
[White "Markert, Markus"]
[Black "Moreth, Alexander"]
[Result "0-1"]
[WhiteElo "1864"]
[BlackElo "1868"]
[PlyCount "82"]
[EventDate "2012.04.09"]
[EventType "swiss"]
[EventRounds "9"]
[EventCountry "GER"]
[SourceTitle "EXT 2015"]
[Source "ChessBase"]
[SourceDate "2014.11.20"]
[SourceVersion "1"]
[SourceVersionDate "2014.11.20"]
[SourceQuality "1"]

1. e4 c6 2. d4 d5 3. exd5 cxd5 4. Nf3 Nf6 5. Bd3 Bg4 6. Nbd2 Nc6 7. c3 e6 8. Qc2 Bd6 9. 0-0 Rc8 10. a3 0-0 11. Re1 Qc7 12. h3 Bh5 13. Qb1 Rfe8 14. Ng5 h6 15. Ngf3 Ne7 16. Ne5 Nd7 17. f4 f6 18. Nxd7 Qxd7 19. Nf1 Nc6 20. Bd2 Bf7 21. Nh2 Qc7 22. Rf1 Re7 23. Bg6 Rf8 24. Ng4 h5 25. Nh2 Na5 26. b4 Bxg6 27. Qxg6 Nb3 28. Rad1 Nxd2 29. Rxd2 Bxf4 30. Nf3 Bxd2 31. Nxd2 Qxc3 32. Nf3 Qe3+ 33. Kh1 Qh6 34. Qd3 g6 35. Nh4 Kg7 36. Re1 Rff7 37. Re3 e5 38. Rg3 Qc1+ 39. Kh2 e4 40. Qe2 Qf4 41. Qxh5 Qxg3+ 0-1

[Event "Unterfranken-ch M2 63th"]
[Site "Schweinfurt"]
[Date "2012.04.11"]
[Round "4"]
[White "Moreth, Alexander"]
[Black "Neubauer, Jaroslaus"]
[Result "1-0"]
[WhiteElo "1868"]
[BlackElo "1852"]
[PlyCount "83"]
[EventDate "2012.04.09"]
[EventType "swiss"]
[EventRounds "9"]
[EventCountry "GER"]
[SourceTitle "EXT 2015"]
[Source "ChessBase"]
[SourceDate "2014.11.20"]
[SourceVersion "1"]
[SourceVersionDate "2014.11.20"]
[SourceQuality "1"]

1. b4 e5 2. b5 d5 3. Bb2 f6 4. e3 Be6 5. d4 e4 6. Nd2 f5 7. Nh3 Nf6 8. c4 c6 9. a4 Qa5 10. Ng5 Bg8 11. Qc2 Nbd7 12. bxc6 bxc6 13. c5 Be7 14. Be2 h6 15. Nh3 Bf7 16. Bc3 Qc7 17. a5 a6 18. f3 0-0 19. Nf2 f4 20. Nd1 fxe3 21. Nxe3 Qf4 22. Nd1 Bg6 23. 0-0 Qc7 24. Qa2 Kh8 25. Ne3 Qf4 26. Nc2 Qh4 27. Nb4 Nb8 28. Rae1 Rc8 29. fxe4 Bxe4 30. Nf3 Bxf3 31. Bxf3 Ra7 32. Qc2 Ng8 33. g3 Qh3 34. Qg6 h5 35. Bxh5 Nf6 36. Rxf6 Bxf6 37. Re8+ Rxe8 38. Qxe8+ Kh7 39. Bg6+ Kh6 40. Bd3 Qg4 41. Qh8+ Kg5 42. Bd2+ 1-0

[Event "Unterfranken-ch M2 63th"]
[Site "Schweinfurt"]
[Date "2012.04.10"]
[Round "2"]
[White "Moreth, Alexander"]
[Black "Drescher, Frank"]
[Result "1/2-1/2"]
[WhiteElo "1868"]
[BlackElo "1854"]
[PlyCount "29"]
[EventDate "2012.04.09"]
[EventType "swiss"]
[EventRounds "9"]
[EventCountry "GER"]
[SourceTitle "EXT 2015"]
[Source "ChessBase"]
[SourceDate "2014.11.20"]
[SourceVersion "1"]
[SourceVersionDate "2014.11.20"]
[SourceQuality "1"]

1. d4 Nf6 2. Nf3 g6 3. c4 Bg7 4. Nc3 d6 5. b4 0-0 6. Bf4 Nfd7 7. e3 c6 8. Be2 Na6 9. Qb3 Nc7 10. 0-0 h6 11. Rad1 Kh7 12. e4 Qe8 13. d5 c5 14. a3 a5 15. b5 1/2-1/2

[Event "Unterfranken-ch M1 56th"]
[Site "Stetten"]
[Date "2005.04.01"]
[Round "8"]
[White "Steinhauser, Thomas"]
[Black "Moreth, Alexander"]
[Result "1-0"]
[WhiteElo "1950"]
[BlackElo "1785"]
[PlyCount "43"]
[EventDate "2005.03.28"]
[EventType "swiss"]
[EventRounds "9"]
[EventCountry "GER"]
[SourceTitle "EXT 2015"]
[Source "ChessBase"]
[SourceDate "2014.11.20"]
[SourceVersion "1"]
[SourceVersionDate "2014.11.20"]
[SourceQuality "1"]

1. e4 c6 2. d4 d5 3. f3 dxe4 4. fxe4 e5 5. Nf3 exd4 6. Bc4 Nd7 7. 0-0 Ngf6 8. c3 dxc3 9. Nxc3 Bc5+ 10. Kh1 0-0 11. e5 Ng4 12. Qe2 Qc7 13. e6 Nb6 14. exf7+ Kh8 15. Bb3 Bf5 16. h3 Nf6 17. Nh4 Bg6 18. Nxg6+ hxg6 19. Bg5 Nh5 20. Bh4 Bd4 21. Qg4 Nd7 22. Qxd4 1-0

[Event "Unterfranken-ch M1 56th"]
[Site "Stetten"]
[Date "2005.03.30"]
[Round "5"]
[White "Moreth, Alexander"]
[Black "Hock, Gerold"]
[Result "0-1"]
[WhiteElo "1785"]
[BlackElo "1998"]
[PlyCount "67"]
[EventDate "2005.03.28"]
[EventType "swiss"]
[EventRounds "9"]
[EventCountry "GER"]
[SourceTitle "EXT 2015"]
[Source "ChessBase"]
[SourceDate "2014.11.20"]
[SourceVersion "1"]
[SourceVersionDate "2014.11.20"]
[SourceQuality "1"]

1. d4 d5 2. c4 dxc4 3. Nc3 e5 4. Nf3 exd4 5. Qxd4 Qxd4 6. Nxd4 c6 7. Bf4 Nd7 8. Ne4 Bb4+ 9. Kd1 Ngf6 10. Nd6+ Bxd6 11. Bxd6 Ne4 12. Bg3 Nb6 13. e3 Bd7 14. f3 Nxg3 15. hxg3 Na4 16. Kc2 b5 17. Rd1 c5 18. Ne2 Rc8 19. Rh5 f6 20. Nf4 Nb6 21. e4 Kf7 22. Nd5 Be6 23. Nxb6 axb6 24. Rd6 Rb8 25. b4 g6 26. Rh4 cxb4 27. f4 Ke7 28. Rc6 Kd7 29. Rxe6 Kxe6 30. f5+ Ke5 31. Rf4 Ra8 32. Kb2 Ra3 33. Rf2 Rha8 34. Kb1 0-1

[Event "Unterfranken-ch M1 56th"]
[Site "Stetten"]
[Date "2005.03.29"]
[Round "3"]
[White "Seidens, Udo"]
[Black "Moreth, Alexander"]
[Result "1-0"]
[WhiteElo "2197"]
[BlackElo "1785"]
[PlyCount "83"]
[EventDate "2005.03.28"]
[EventType "swiss"]
[EventRounds "9"]
[EventCountry "GER"]
[SourceTitle "EXT 2015"]
[Source "ChessBase"]
[SourceDate "2014.11.20"]
[SourceVersion "1"]
[SourceVersionDate "2014.11.20"]
[SourceQuality "1"]

1. c4 c6 2. Nf3 Nf6 3. g3 d5 4. Qc2 dxc4 5. Qxc4 Nbd7 6. Bg2 Nb6 7. Qc2 Bg4 8. b3 e6 9. Bb2 Be7 10. 0-0 Bxf3 11. Bxf3 0-0 12. Rd1 Nfd5 13. a3 Bf6 14. d4 Rc8 15. e4 Ne7 16. a4 Nd7 17. Bg2 c5 18. d5 exd5 19. exd5 Bxb2 20. Qxb2 Nf6 21. Bh3 Rb8 22. Nc3 Qd6 23. Nb5 Qb6 24. d6 Nc6 25. d7 a6 26. Na3 Nd4 27. Rac1 Rfd8 28. Nc4 Qc7 29. b4 b6 30. Ne3 Qe5 31. Kh1 Nxd7 32. Nc4 Qc7 33. f4 f6 34. Ne3 Qd6 35. Qa2+ Kh8 36. Nf5 Qe6 37. Qxe6 Nxe6 38. Rd6 Nef8 39. Ne7 Rb7 40. Rcd1 Rc7 41. Nd5 Rb7 42. Nxb6 1-0

[Event "Unterfranken-ch M2 55th"]
[Site "Bad Koenigshofen"]
[Date "2004.04.15"]
[Round "6"]
[White "Moreth, Alexander"]
[Black "Vormann, Dirk"]
[Result "1/2-1/2"]
[WhiteElo "1851"]
[BlackElo "1872"]
[PlyCount "159"]
[EventDate "2004.04.12"]
[EventType "swiss"]
[EventRounds "9"]
[EventCountry "GER"]
[SourceTitle "EXT 2015"]
[Source "ChessBase"]
[SourceDate "2014.11.20"]
[SourceVersion "1"]
[SourceVersionDate "2014.11.20"]
[SourceQuality "1"]

1. d4 d5 2. c4 c6 3. Nc3 Nf6 4. Bf4 Nbd7 5. e3 g6 6. Rc1 dxc4 7. Bxc4 Nb6 8. Bb3 Bg7 9. Nf3 0-0 10. Ne5 Nbd5 11. Bg3 Nxc3 12. bxc3 Ne4 13. Qf3 Ng5 14. Qe2 Ne4 15. Nd3 Nxg3 16. hxg3 Qd6 17. Nc5 b6 18. Ne4 Qd7 19. f3 Bb7 20. Ng5 h6 21. Qc2 Qf5 22. Qxf5 gxf5 23. Nh3 e6 24. Nf4 Rfd8 25. Kf2 c5 26. Rh4 cxd4 27. cxd4 Rac8 28. Rch1 Kh7 29. g4 fxg4 30. Rxg4 Rh8 31. Nh5 Rhg8 32. Rgh4 Bh8 33. g4 Bd5 34. Bxd5 exd5 35. Nf4 Rc2+ 36. Kg3 Bg7 37. Nxd5 Rd8 38. Ne7 Rd6 39. Nf5 Rg6 40. f4 Rxa2 41. g5 Ra5 42. Nxh6 Bxh6 43. Rxh6+ Rxh6 44. Rxh6+ Kg7 45. Kg4 b5 46. Rc6 b4 47. Rc5 Rxc5 48. dxc5 Kf8 49. f5 b3 50. c6 Ke8 51. g6 fxg6 52. fxg6 b2 53. g7 Kf7 54. c7 b1Q 55. g8Q+ Kxg8 56. c8Q+ Kf7 57. Qc7+ Kf6 58. Qxa7 Qe4+ 59. Kg3 Ke5 60. Qc5+ Ke6 61. Qc8+ Ke5 62. Qh8+ Ke6 63. Qh6+ Kf5 64. Qh5+ Ke6 65. Qh6+ Kf5 66. Qh5+ Ke6 67. Qe8+ Kf5 68. Qd7+ Ke5 69. Qc7+ Kf5 70. Qf4+ Qxf4+ 71. exf4 Kf6 72. Kg4 Kg6 73. f5+ Kf6 74. Kf4 Kf7 75. Ke5 Ke7 76. f6+ Kf7 77. Kf5 Kf8 78. Ke6 Ke8 79. f7+ Kf8 80. Kf6 1/2-1/2

[Event "Unterfranken-ch M2 53th"]
[Site "Wuerzburg"]
[Date "2002.??.??"]
[Round "4"]
[White "Hassler, Guenther"]
[Black "Moreth, Alexander"]
[Result "1-0"]
[WhiteElo "1827"]
[BlackElo "1801"]
[PlyCount "97"]
[EventDate "2002.04.01"]
[EventType "swiss"]
[EventRounds "9"]
[EventCountry "GER"]
[SourceTitle "EXT 2015"]
[Source "ChessBase"]
[SourceDate "2014.11.20"]
[SourceVersion "1"]
[SourceVersionDate "2014.11.20"]
[SourceQuality "1"]

1. e4 e6 2. d4 d5 3. Nc3 Bb4 4. e5 Ne7 5. a3 Ba5 6. b4 Bb6 7. Na4 Bd7 8. Nxb6 axb6 9. Bb2 Ba4 10. Bd3 c5 11. dxc5 bxc5 12. bxc5 Qa5+ 13. Qd2 Qxc5 14. Nf3 Nbc6 15. 0-0 0-0 16. Ng5 h6 17. Nh7 Rfd8 18. Nf6+ Kf8 19. Nh5 Ng8 20. Rfe1 Qe7 21. Re3 Qg5 22. Qe2 g6 23. Ng3 Rd7 24. f4 Qd8 25. Rf1 Qb6 26. Bc1 Nd4 27. Qf2 Ne7 28. Ree1 Nec6 29. f5 gxf5 30. Bxh6+ Ke8 31. Bg5 Re7 32. Bxe7 Kxe7 33. Bxf5 Nf3+ 34. gxf3 Qxf2+ 35. Rxf2 exf5 36. Nxf5+ Ke6 37. Ng3 Nd4 38. f4 Bxc2 39. Rc1 Bb3 40. Rc7 b5 41. Nh5 Nf5 42. Rg2 d4 43. Ng7+ Nxg7 44. Rxg7 Rxa3 45. Rcxf7 d3 46. Rd7 Bc4 47. Kf2 Ra2+ 48. Kf3 Rxh2 49. Rd6+ 1-0

[Event "Unterfranken-ch M2 53th"]
[Site "Wuerzburg"]
[Date "2002.??.??"]
[Round "1"]
[White "Moreth, Alexander"]
[Black "Unkelbach, Manfred"]
[Result "1-0"]
[WhiteElo "1801"]
[BlackElo "1901"]
[PlyCount "61"]
[EventDate "2002.04.01"]
[EventType "swiss"]
[EventRounds "9"]
[EventCountry "GER"]
[SourceTitle "EXT 2015"]
[Source "ChessBase"]
[SourceDate "2014.11.20"]
[SourceVersion "1"]
[SourceVersionDate "2014.11.20"]
[SourceQuality "1"]

1. d4 d5 2. Nf3 Bf5 3. Bf4 Nf6 4. e3 e6 5. Be2 Be7 6. 0-0 0-0 7. Nbd2 Nbd7 8. c4 c6 9. Qb3 Qb6 10. Rac1 Rac8 11. c5 Qxb3 12. Nxb3 b5 13. Na5 Bd8 14. Nb7 Bc7 15. Bd6 Rfe8 16. Rc3 Ne4 17. Ra3 Nxd6 18. Nxd6 Bxd6 19. cxd6 Ra8 20. Rc1 Rec8 21. Rac3 f6 22. Rxc6 Rxc6 23. Rxc6 a6 24. Nd2 e5 25. Nb3 exd4 26. Nxd4 Ne5 27. Rc7 Bd7 28. f4 Bg4 29. fxe5 fxe5 30. Bxg4 exd4 31. d7 1-0

[Event "Unterfranken-ch M2 53th"]
[Site "Wuerzburg"]
[Date "2002.??.??"]
[Round "6"]
[White "Oeser, Armin"]
[Black "Moreth, Alexander"]
[Result "0-1"]
[WhiteElo "1715"]
[BlackElo "1801"]
[PlyCount "42"]
[EventDate "2002.04.01"]
[EventType "swiss"]
[EventRounds "9"]
[EventCountry "GER"]
[SourceTitle "EXT 2015"]
[Source "ChessBase"]
[SourceDate "2014.11.20"]
[SourceVersion "1"]
[SourceVersionDate "2014.11.20"]
[SourceQuality "1"]

1. e4 e6 2. d4 d5 3. exd5 exd5 4. c4 dxc4 5. Bxc4 Nc6 6. d5 Ne5 7. Qe2 Qe7 8. Bb3 Nd3+ 9. Kd2 Qxe2+ 10. Nxe2 Nxf2 11. Rf1 Ne4+ 12. Ke3 Nef6 13. Nbc3 Bd7 14. h3 Bc5+ 15. Kf3 c6 16. Bf4 cxd5 17. Bxd5 Nxd5 18. Nxd5 Bc6 19. Nec3 Ne7 20. Rfe1 0-0-0 21. Rad1 Nxd5 0-1

[Event "Unterfranken-ch HT 52th"]
[Site "Massbach"]
[Date "2001.??.??"]
[Round "?"]
[White "Amtmann, Florian"]
[Black "Moreth, Alexander"]
[Result "1/2-1/2"]
[WhiteElo "1672"]
[BlackElo "1694"]
[PlyCount "124"]
[EventDate "2001.04.16"]
[EventType "swiss"]
[EventRounds "9"]
[EventCountry "GER"]
[SourceTitle "EXT 2015"]
[Source "ChessBase"]
[SourceDate "2014.11.20"]
[SourceVersion "1"]
[SourceVersionDate "2014.11.20"]
[SourceQuality "1"]

1. d4 d5 2. c4 Nf6 3. cxd5 Nxd5 4. Nc3 Bf5 5. Qb3 Nb6 6. e4 Bd7 7. Nf3 e6 8. Be3 Nc6 9. Qd1 Ne7 10. Ne5 Ng6 11. Nxd7 Qxd7 12. Be2 Bd6 13. 0-0 0-0 14. e5 Bb4 15. Bd3 Ne7 16. Qc2 Kh8 17. Rab1 Nbd5 18. Nxd5 Nxd5 19. Be4 c6 20. Bxd5 Qxd5 21. b3 Be7 22. Qc4 Qa5 23. Qa4 Bd8 24. Qxa5 Bxa5 25. b4 Bb6 26. Rfd1 Rfd8 27. Kf1 Rd5 28. Rd3 Rad8 29. Rbd1 h6 30. Ke2 Bc7 31. f4 R8d7 32. h3 Rb5 33. Rb3 f6 34. a4 Rbd5 35. Rdd3 a6 36. g4 Kg8 37. Bf2 Kf7 38. h4 Rd8 39. h5 R8d7 40. Be3 a5 41. bxa5 Bxa5 42. Bd2 Bxd2 43. Rxd2 fxe5 44. fxe5 c5 45. Rdb2 cxd4 46. Rxb7 Rxe5+ 47. Kd2 Red5 48. Kd3 Kf6 49. Rxd7 Rxd7 50. Ke4 e5 51. a5 Ke6 52. Rb5 Kf6 53. Rxe5 d3 54. Rf5+ Ke6 55. Re5+ Kf6 56. Rf5+ Ke6 57. Rf1 d2 58. Rd1 Kf6 59. Ke3 Ra7 60. Rxd2 Rxa5 61. Kf4 Ra4+ 62. Kg3 Ra3+ 1/2-1/2

[Event "Unterfranken-ch HT 52th"]
[Site "Massbach"]
[Date "2001.??.??"]
[Round "?"]
[White "Guensch, Hans Georg"]
[Black "Moreth, Alexander"]
[Result "1-0"]
[WhiteElo "1526"]
[BlackElo "1694"]
[PlyCount "83"]
[EventDate "2001.04.16"]
[EventType "swiss"]
[EventRounds "9"]
[EventCountry "GER"]
[SourceTitle "EXT 2015"]
[Source "ChessBase"]
[SourceDate "2014.11.20"]
[SourceVersion "1"]
[SourceVersionDate "2014.11.20"]
[SourceQuality "1"]

1. e4 e6 2. d4 d5 3. Nd2 c5 4. exd5 Qxd5 5. Ngf3 Nc6 6. Bc4 Qd8 7. Nb3 Bd7 8. 0-0 Na5 9. Nxa5 Qxa5 10. d5 b5 11. dxe6 fxe6 12. Ne5 0-0-0 13. Bd3 Be8 14. Qf3 Bd6 15. Nc6 Qc7 16. Nxd8 Kxd8 17. Bg5+ Kc8 18. Qa8+ Qb8 19. Qxb8+ Kxb8 20. c4 a6 21. Rfe1 Bd7 22. Rad1 Kc7 23. cxb5 axb5 24. Be2 Nf6 25. Bxf6 gxf6 26. Bg4 Be5 27. Re2 Rg8 28. Bh3 Bc6 29. Red2 Bd5 30. b3 f5 31. g3 Bd4 32. Bg2 Kd6 33. Bxd5 Kxd5 34. b4 Ke5 35. Kg2 Ra8 36. Re2+ Kf6 37. bxc5 Bxc5 38. Rc1 Bf8 39. Rc7 h6 40. Rc6 Re8 41. f4 h5 42. Rec2 1-0